Library Banner

Histology (Record no. 78119)

MARC details
000 -LEADER
fixed length control field 00519nam a2200205Ia 4500
001 - CONTROL NUMBER
control field 69099
008 - FIXED-LENGTH DATA ELEMENTS--GENERAL INFORMATION
fixed length control field 151103s9999||||xx |||||||||||||| ||und||
020 ## - INTERNATIONAL STANDARD BOOK NUMBER
International Standard Book Number 9781469889313
040 ## - CATALOGING SOURCE
Transcribing agency PK-LaUMT
082 ## - DEWEY DECIMAL CLASSIFICATION NUMBER
Classification number 611.018
Item number ROS-H
100 ## - MAIN ENTRY--PERSONAL NAME
Personal name Ross, Michael H.
245 ## - TITLE STATEMENT
Title Histology
Remainder of title a text and atlas
Statement of responsibility, etc Ross, Michael H.|Pawlina, Wojciech
250 ## - EDITION STATEMENT
Edition statement 7th
260 ## - PUBLICATION, DISTRIBUTION, ETC. (IMPRINT)
Place of publication, distribution, etc New York,USA:
Name of publisher, distributor, etc Wolters Kluwer,
Date of publication, distribution, etc 2011
300 ## - PHYSICAL DESCRIPTION
Extent 984 p
546 ## - LANGUAGE NOTE
Language note EN
650 ## - SUBJECT ADDED ENTRY--TOPICAL TERM
Topical term or geographic name as entry element Histology
700 ## - ADDED ENTRY--PERSONAL NAME
Personal name Pawlina, Wojciech
942 ## - ADDED ENTRY ELEMENTS (KOHA)
Koha item type Books
Holdings
Withdrawn status Lost status Damaged status Not for loan Home library Current library Date acquired Total Checkouts Full call number Barcode Date last seen Date checked out Price effective from Koha item type
        UMT Health Sciences Campus UMT Health Sciences Campus 2015-11-02 1 611.018 ROS-H 94666 2019-02-12 2018-11-28 2015-11-03 Books